[Event "Bayerische EM 2014 Allg. Gruppe"]
[Site "Westerndorf St. Peter/Rosenheim"]
[Date "2014.08.28"]
[Round "8.7"]
[White "Taggatz, Mario"]
[Black "Schlichtmann, Robin"]
[Result "1-0"]
[WhiteElo "2231"]
[BlackElo "2079"]
[PlyCount "45"]
[EventDate "2014.??.??"]
[WhiteTeam "SC Gröbenzell"]
[BlackTeam "SK Bruckmühl e.V."]

1. d4 Nf6 2. Nf3 g6 3. c3 Bg7 4. Bg5 c5 5. e3 Qb6 6. Qb3 Qxb3 7. axb3 cxd4 8.
exd4 O-O 9. Nbd2 d5 10. Be2 Bf5 11. O-O Nc6 12. b4 a6 13. Nb3 Ne4 14. Be3 f6
15. Rfd1 Rfc8 16. Nfd2 Nd6 17. Nc5 g5 18. Bf3 e6 19. g4 b6 20. Nd7 Bc2 21. Rdc1
Ra7 22. Nxb6 Rb8 23. Nxd5 1-0

[Event "Bayerische EM 2014 Allg. Gruppe"]
[Site "Westerndorf St. Peter/Rosenheim"]
[Date "2014.08.28"]
[Round "8.8"]
[White "Zill, Christoph"]
[Black "Schmid, Roland"]
[Result "0-1"]
[WhiteElo "2182"]
[BlackElo "2252"]
[PlyCount "74"]
[EventDate "2014.??.??"]
[WhiteTeam "SK Freising"]
[BlackTeam "TSV Wacker Neutraubling"]

1. e4 d6 2. d4 Nf6 3. Nc3 e5 4. dxe5 dxe5 5. Qxd8+ Kxd8 6. Nf3 Bd6 7. h3 Nbd7
8. Bc4 Rf8 9. Be3 a6 10. a4 Bb4 11. O-O-O Ke8 12. Nd5 Bd6 13. Nd2 Nxd5 14. Bxd5
Bc5 15. Rhe1 c6 16. Bb3 b5 17. Nf3 f6 18. Rd3 Bxe3+ 19. Rdxe3 Ke7 20. Rd1 Bb7
21. h4 Rad8 22. h5 Nc5 23. Nh4 Bc8 24. Nf5+ Bxf5 25. exf5 Rxd1+ 26. Kxd1 Rd8+
27. Ke2 bxa4 28. Bc4 h6 29. f4 Rd4 30. Bxa6 Nxa6 31. fxe5 fxe5 32. Rxe5+ Kf7
33. Ra5 Nb8 34. Ra7+ Kf6 35. Rb7 Nd7 36. c3 Rd5 37. Rb4 Rb5 0-1

[Event "Bayerische EM 2014 Allg. Gruppe"]
[Site "Westerndorf St. Peter/Rosenheim"]
[Date "2014.08.28"]
[Round "8.9"]
[White "Kunz, Konstantin"]
[Black "Wilfert, André"]
[Result "1/2-1/2"]
[WhiteElo "2235"]
[BlackElo "2065"]
[PlyCount "51"]
[EventDate "2014.??.??"]
[WhiteTeam "SC Kitzingen von 1905"]
[BlackTeam "1.FC Marktleuthen"]

1. d4 Nf6 2. c4 g6 3. Nc3 Bg7 4. e4 d6 5. Nf3 O-O 6. Be2 e5 7. Be3 Nc6 8. d5
Ne7 9. Nd2 Ne8 10. Qb3 f5 11. f3 c5 12. dxc6 Nxc6 13. Nd5 Nc7 14. O-O f4 15.
Bf2 Ne6 16. Qd3 b6 17. b4 Ncd4 18. Rfc1 Ba6 19. Nb3 Nxb3 20. axb3 Bb7 21. Ra3
Nd4 22. Rca1 Bxd5 23. cxd5 Rf7 24. Qd2 Rc7 25. Bd3 g5 26. h3 1/2-1/2

[Event "Bayerische EM 2014 Allg. Gruppe"]
[Site "Westerndorf St. Peter/Rosenheim"]
[Date "2014.08.28"]
[Round "8.10"]
[White "Michalek, Michal"]
[Black "Grawe, Christian"]
[Result "0-1"]
[WhiteElo "2153"]
[BlackElo "2214"]
[PlyCount "56"]
[EventDate "2014.??.??"]
[WhiteTeam "SV Seubelsdorf"]
[BlackTeam "Schachklub Germering e. V."]

1. d4 Nf6 2. c4 e6 3. g3 d5 4. Nf3 dxc4 5. Bg2 a6 6. O-O Nc6 7. Ne5 Nxe5 8.
dxe5 Qxd1 9. Rxd1 Nd7 10. f4 Rb8 11. a4 Bc5+ 12. e3 b5 13. axb5 axb5 14. Bc6 b4
15. Kf2 Ke7 16. Nd2 Rb6 17. Ba4 Ra6 18. Ne4 Rd8 19. Bd2 c3 20. bxc3 Bb7 21.
cxb4 Bxe4 22. bxc5 Rda8 23. Bxd7 Rxa1 24. Rxa1 Rxa1 25. c6 Ra2 26. Ke1 Kd8 27.
h4 h5 28. Kd1 Ra6 0-1

[Event "Bayerische EM 2014 Allg. Gruppe"]
[Site "Westerndorf St. Peter/Rosenheim"]
[Date "2014.08.28"]
[Round "8.11"]
[White "Graf, Christian"]
[Black "Stadler, Alexander"]
[Result "1/2-1/2"]
[WhiteElo "2158"]
[BlackElo "2109"]
[PlyCount "155"]
[EventDate "2014.??.??"]
[WhiteTeam "SU Ebersberg-Grafing"]
[BlackTeam "SV Röhrnbach e.V."]

1. e4 d6 2. d4 Nf6 3. Nc3 e5 4. dxe5 dxe5 5. Qxd8+ Kxd8 6. Bc4 Ke8 7. Nf3 Bd6
8. Bg5 Nbd7 9. h3 h6 10. Be3 a6 11. a4 Kf8 12. O-O g6 13. Nd2 Kg7 14. Rfd1 Bc5
15. Bxc5 Nxc5 16. b4 Ne6 17. Nf3 Re8 18. a5 Nf4 19. Rd2 Bd7 20. Ne1 Bc6 21. f3
Rad8 22. Rad1 Rxd2 23. Rxd2 Nh7 24. Ne2 Ne6 25. c3 Nhf8 26. Nc2 Rc8 27. Ne3 f6
28. Kf2 Ng5 29. h4 Nf7 30. h5 Nd6 31. hxg6 Nxc4 32. Nxc4 Kxg6 33. Ne3 Re8 34.
Ng3 Bd7 35. Nd5 c6 36. Ne3 Be6 37. Rd6 Re7 38. Ngf5 Rd7 39. Rxd7 Nxd7 40. Nd6
b6 41. Nec4 bxa5 42. Nxa5 c5 43. Nc6 cxb4 44. cxb4 Nb6 45. Nb8 Nc4 46. Nb7 Bc8
47. Nc5 Kf7 48. Nbxa6 Ke7 49. b5 Kd6 50. Na4 Bd7 51. b6 Na5 52. Nc3 f5 53. Nb4
Kc5 54. Nc2 Kxb6 55. exf5 Bxf5 56. Ne3 Be6 57. Ne4 Kc6 58. g4 Nb3 59. Ng3 Nd4
60. Ne4 Kd7 61. Nc5+ Ke7 62. Nxe6 Kxe6 63. Kg3 Kf6 64. Nc4 Ne2+ 65. Kf2 Nf4 66.
Kg3 Nd3 67. Nd2 Nc5 68. Nc4 e4 69. fxe4 Nxe4+ 70. Kf4 Nf2 71. Ne3 Nd3+ 72. Ke4
Nc5+ 73. Kf4 Ne6+ 74. Kg3 Ng7 75. Kf4 Kg6 76. Nf5 Nh5+ 77. gxh5+ Kxh5 78. Nxh6
1/2-1/2

[Event "Bayerische EM 2014 Allg. Gruppe"]
[Site "Westerndorf St. Peter/Rosenheim"]
[Date "2014.08.28"]
[Round "8.12"]
[White "Braun, Thomas"]
[Black "Lochte, Thomas"]
[Result "1-0"]
[WhiteElo "2151"]
[BlackElo "2108"]
[PlyCount "73"]
[EventDate "2014.??.??"]
[WhiteTeam "FC Bayern München e.V."]
[BlackTeam "SK Weilheim"]

1. d4 Nf6 2. Nf3 e6 3. c4 c5 4. d5 b5 5. Bg5 Qa5+ 6. Qd2 b4 7. Bxf6 gxf6 8. g3
e5 9. Bh3 Qa6 10. Qd3 d6 11. Bxc8 Qxc8 12. Nh4 Qg4 13. Nd2 Nd7 14. Nf5 a5 15.
h3 Qg6 16. Ne4 Ra6 17. a3 bxa3 18. Rxa3 Kd8 19. Qf3 Kc7 20. O-O Bg7 21. Rfa1
Rha8 22. Nc3 Bf8 23. Nb5+ Kd8 24. e4 Qg5 25. Qc3 a4 26. b3 Nb6 27. Nbxd6 Bxd6
28. Nxd6 Kd7 29. Nf5 Qg8 30. b4 Qc8 31. Rc1 R6a7 32. b5 Qe8 33. Qe3 Rc8 34. Qh6
Qh8 35. Ng7 Ke7 36. d6+ Kf8 37. Nh5+ 1-0

[Event "Bayerische EM 2014 Allg. Gruppe"]
[Site "Westerndorf St. Peter/Rosenheim"]
[Date "2014.08.28"]
[Round "8.13"]
[White "Wagner, Florian"]
[Black "Blodig, Constantin"]
[Result "1-0"]
[WhiteElo "2215"]
[BlackElo "1939"]
[PlyCount "59"]
[EventDate "2014.??.??"]
[WhiteTeam "SC Noris-Tarrasch Nürnberg 1873"]
[BlackTeam "SK Kelheim 1920"]

1. d4 Nf6 2. g3 d5 3. Bg2 g6 4. c4 c6 5. Nf3 Bg7 6. O-O O-O 7. b3 Nbd7 8. Bb2
Re8 9. Nbd2 b6 10. Qc2 Bb7 11. Rad1 Qc7 12. cxd5 Nxd5 13. a3 f5 14. e4 fxe4 15.
Nxe4 Rad8 16. Bh3 e5 17. Bxd7 Qxd7 18. dxe5 c5 19. Nd6 b5 20. Nxb7 Qxb7 21.
Qxc5 Nf4 22. Qe3 Nd5 23. Qe4 Qf7 24. Ng5 Qe7 25. Rxd5 Qxg5 26. Rxb5 Qd2 27.
Qc4+ Kh8 28. Bc1 Qd7 29. Re1 Re6 30. Rc5 1-0

[Event "Bayerische EM 2014 Allg. Gruppe"]
[Site "Westerndorf St. Peter/Rosenheim"]
[Date "2014.08.28"]
[Round "8.14"]
[White "Basener, Winfried"]
[Black "Probst, Albert"]
[Result "1-0"]
[WhiteElo "2146"]
[BlackElo "2102"]
[PlyCount "63"]
[EventDate "2014.??.??"]
[WhiteTeam "SC Neuhausen 1908"]
[BlackTeam "SK Bruckmühl e.V."]

1. e4 g6 2. d4 Bg7 3. Nc3 d6 4. Bc4 Nc6 5. Be3 e5 6. Nge2 Nf6 7. f3 a6 8. Qd2
b5 9. Bb3 Nxd4 10. Nxd4 exd4 11. Bxd4 c5 12. Bxf6 Bxf6 13. Bd5 Ra7 14. Bc6+ Kf8
15. O-O-O Rc7 16. Bd5 Kg7 17. Kb1 b4 18. Ne2 a5 19. Bc4 Be7 20. g3 Be6 21. Qd3
Qc8 22. h4 Rd8 23. Nf4 Bxc4 24. Qxc4 Rcd7 25. Nd5 Qb7 26. g4 Bf6 27. g5 Bd4 28.
Rxd4 cxd4 29. Qxd4+ f6 30. h5 Rf7 31. hxg6 hxg6 32. gxf6+ 1-0

[Event "Bayerische EM 2014 Allg. Gruppe"]
[Site "Westerndorf St. Peter/Rosenheim"]
[Date "2014.08.28"]
[Round "8.15"]
[White "Woitylak, Steffen"]
[Black "Höller, Armin"]
[Result "1-0"]
[WhiteElo "1921"]
[BlackElo "2035"]
[PlyCount "61"]
[EventDate "2014.??.??"]
[WhiteTeam "TV 1862 Geiselhöring"]
[BlackTeam "SK Weilheim"]

1. Nf3 e6 2. b3 d5 3. Bb2 Nf6 4. e3 Be7 5. Bd3 c5 6. O-O O-O 7. c4 Nc6 8. Be2
d4 9. d3 e5 10. Na3 Ne8 11. Nc2 f5 12. exd4 cxd4 13. b4 Bd6 14. c5 Bc7 15. b5
Ne7 16. Nb4 Rf6 17. Ng5 g6 18. Qb3+ Kg7 19. f4 h6 20. fxe5 Bxe5 21. Nf3 Re6 22.
Rae1 Bf6 23. Qc4 Nc7 24. Nxd4 Re3 25. Nbc2 Ned5 26. Bf3 Rxe1 27. Rxe1 Nf4 28.
a4 Ncd5 29. g3 Nh3+ 30. Kg2 Nhf4+ 31. Kh1 1-0

[Event "Bayerische EM 2014 Allg. Gruppe"]
[Site "Westerndorf St. Peter/Rosenheim"]
[Date "2014.08.29"]
[Round "9.1"]
[White "Lederle, Vitus"]
[Black "Hilverda, Alexander"]
[Result "0-1"]
[WhiteElo "2200"]
[BlackElo "2301"]
[PlyCount "120"]
[EventDate "2014.??.??"]
[WhiteTeam "SC Dillingen"]
[BlackTeam "SC Erlangen 48/88"]

1. e4 c5 2. Nf3 e6 3. b3 b6 4. Bb2 Bb7 5. d3 Nf6 6. Nbd2 Be7 7. g3 O-O 8. Bg2
d5 9. O-O dxe4 10. Ng5 Nbd7 11. Ndxe4 Qc7 12. Re1 h6 13. Nxf6+ Bxf6 14. Bxf6
Nxf6 15. Ne4 Nd5 16. Qd2 Ne7 17. a4 a6 18. Qe2 Rfd8 19. Rad1 Nf5 20. c3 Bd5 21.
Qc2 Ne7 22. Nd2 Bxg2 23. Kxg2 Qd7 24. Ne4 Qd5 25. f3 Nc6 26. Re3 Ra7 27. Rde1
Ne7 28. Nf2 Qd7 29. Re5 Qd6 30. Qb2 Nc6 31. R5e3 b5 32. axb5 axb5 33. Ra1 Rda8
34. Rxa7 Rxa7 35. Ne4 Qe5 36. Re2 b4 37. cxb4 Qxb2 38. Rxb2 cxb4 39. Kf2 Ra1
40. f4 f6 41. h4 Nd4 42. h5 Rh1 43. Kg2 Rxh5 44. Nd2 Rc5 45. Nc4 Rd5 46. Kf2 h5
47. Rb1 Kf7 48. Rb2 Rd8 49. Rb1 Nf5 50. Rd1 Ra8 51. Rd2 Ra1 52. d4 Rc1 53. d5
exd5 54. Rxd5 Ke6 55. Rb5 Rc2+ 56. Kg1 Nxg3 57. Rxb4 h4 58. Ne3 Re2 59. f5+ Kf7
60. Ng2 h3 0-1

[Event "Bayerische EM 2014 Allg. Gruppe"]
[Site "Westerndorf St. Peter/Rosenheim"]
[Date "2014.08.29"]
[Round "9.2"]
[White "Prediger, Rupert"]
[Black "Berchtenbreiter, Maximilian"]
[Result "1/2-1/2"]
[WhiteElo "2253"]
[BlackElo "2412"]
[PlyCount "32"]
[EventDate "2014.??.??"]
[WhiteTeam "SG Pang-Rosenheim 1910 e.V."]
[BlackTeam "SG Pang-Rosenheim 1910 e.V."]

1. e4 e6 2. d4 c5 3. Nf3 cxd4 4. Nxd4 Nf6 5. Nc3 Bb4 6. e5 Nd5 7. Bd2 Nxc3 8.
bxc3 Ba5 9. Qg4 O-O 10. Bd3 d6 11. Nf3 g6 12. h4 dxe5 13. h5 f5 14. Bxf5 exf5
15. Qc4+ Kg7 16. hxg6 f4 1/2-1/2

[Event "Bayerische EM 2014 Allg. Gruppe"]
[Site "Westerndorf St. Peter/Rosenheim"]
[Date "2014.08.29"]
[Round "9.3"]
[White "Pohl-Kuemmel, Jens-Uwe"]
[Black "Knechtel, Roland"]
[Result "1/2-1/2"]
[WhiteElo "2270"]
[BlackElo "2227"]
[PlyCount "76"]
[EventDate "2014.??.??"]
[WhiteTeam "TSV Wacker Neutraubling"]
[BlackTeam "SV Röhrnbach e.V."]

1. Nf3 Nf6 2. g3 d6 3. d4 c5 4. c3 b6 5. Bg2 Bb7 6. O-O e6 7. Bg5 Be7 8. Nbd2
h6 9. Bxf6 Bxf6 10. Re1 O-O 11. e4 cxd4 12. cxd4 d5 13. e5 Be7 14. a3 a5 15.
Rc1 Nc6 16. Bf1 Rc8 17. h4 Nb8 18. Qb3 Bc6 19. Bb5 Qd7 20. Bxc6 Rxc6 21. Rxc6
Qxc6 22. Re3 a4 23. Qd1 b5 24. Rc3 Qa6 25. Qc1 b4 26. axb4 Bxb4 27. Rc2 Nd7 28.
Kg2 Nb6 29. Rc7 Qa5 30. Qc6 Rb8 31. Nf1 Nc4 32. Qd7 Rf8 33. Ra7 Qd8 34. Qxa4
Qb8 35. b3 Na5 36. Qd7 Qc8 37. Qa4 Qb8 38. Qd7 Qc8 1/2-1/2

[Event "Bayerische EM 2014 Allg. Gruppe"]
[Site "Westerndorf St. Peter/Rosenheim"]
[Date "2014.08.29"]
[Round "9.4"]
[White "Straub, Jürgen"]
[Black "Stips, Felix"]
[Result "0-1"]
[WhiteElo "2201"]
[BlackElo "2315"]
[PlyCount "68"]
[EventDate "2014.??.??"]
[WhiteTeam "SK Ingolstadt"]
[BlackTeam "TSV Bindlach Aktionär-Schachabte"]

1. e4 e5 2. Nf3 Nc6 3. Bb5 a6 4. Ba4 Nf6 5. O-O b5 6. Bb3 Bc5 7. c3 d6 8. d4
Bb6 9. Qd3 O-O 10. a4 Bb7 11. Bg5 h6 12. Bxf6 Qxf6 13. axb5 axb5 14. Rxa8 Rxa8
15. d5 Ne7 16. c4 Ng6 17. g3 b4 18. Nbd2 Bc8 19. Kg2 Nf8 20. Bd1 Qe7 21. Nb3 f5
22. Re1 Qf7 23. Bc2 f4 24. Ra1 Rxa1 25. Nxa1 g5 26. h3 Ng6 27. Nb3 Bxf2 28.
Kxf2 Bxh3 29. Qd2 fxg3+ 30. Kxg3 Nf4 31. Bd1 Qh5 32. Nc1 Bg2 33. Kf2 Bxf3 34.
Bxf3 Qh2+ 0-1

[Event "Bayerische EM 2014 Allg. Gruppe"]
[Site "Westerndorf St. Peter/Rosenheim"]
[Date "2014.08.29"]
[Round "9.5"]
[White "Schelle, Artur"]
[Black "Taggatz, Mario"]
[Result "0-1"]
[WhiteElo "2247"]
[BlackElo "2231"]
[PlyCount "40"]
[EventDate "2014.??.??"]
[WhiteTeam "SC Tarrasch 45 München"]
[BlackTeam "SC Gröbenzell"]

1. e4 e6 2. d4 c5 3. c3 d5 4. e5 Nc6 5. Nf3 Nh6 6. a3 f6 7. b4 cxd4 8. cxd4 Nf7
9. exf6 Qxf6 10. Bb5 Bd6 11. O-O O-O 12. Bb2 a5 13. bxa5 g5 14. a6 g4 15. axb7
Bxb7 16. Ne5 Ncxe5 17. dxe5 Nxe5 18. Ra2 Nf3+ 19. Qxf3 Bxh2+ 20. Kh1 Qh4 0-1

[Event "Bayerische EM 2014 Allg. Gruppe"]
[Site "Westerndorf St. Peter/Rosenheim"]
[Date "2014.08.29"]
[Round "9.6"]
[White "Schmid, Roland"]
[Black "Kunz, Konstantin"]
[Result "1-0"]
[WhiteElo "2252"]
[BlackElo "2235"]
[PlyCount "89"]
[EventDate "2014.??.??"]
[WhiteTeam "TSV Wacker Neutraubling"]
[BlackTeam "SC Kitzingen von 1905"]

1. d4 Nf6 2. c4 e6 3. Nc3 Bb4 4. f3 c5 5. d5 O-O 6. e4 b5 7. Be3 exd5 8. cxd5
d6 9. Bd3 a6 10. Nge2 Re8 11. Bc2 Bb7 12. Bg5 Nbd7 13. O-O Ba5 14. Ng3 Qb8 15.
Nf5 Bd8 16. Qd2 Ne5 17. Rae1 Bc8 18. g4 Ng6 19. Kh1 Nd7 20. Bxd8 Rxd8 21. h4
Ndf8 22. h5 Bxf5 23. gxf5 Ne5 24. f4 Ng4 25. Qg2 Nf6 26. Rg1 Ne8 27. e5 Rd7 28.
f6 Qd8 29. Re3 g6 30. hxg6 hxg6 31. e6 fxe6 32. Bxg6 Nxf6 33. Bf7+ Kxf7 34.
dxe6+ Nxe6 35. Qg6+ Kf8 36. Rh3 Ng7 37. Nd5 Ng8 38. Rh7 Raa7 39. Rg5 Rf7 40. f5
Rab7 41. Rh8 Qa5 42. Qxd6+ Rbe7 43. Qb8+ Re8 44. Rxg8+ Kxg8 45. Qxe8+ 1-0

[Event "Bayerische EM 2014 Allg. Gruppe"]
[Site "Westerndorf St. Peter/Rosenheim"]
[Date "2014.08.29"]
[Round "9.7"]
[White "Bintakies, Michael"]
[Black "Braun, Thomas"]
[Result "1/2-1/2"]
[WhiteElo "2215"]
[BlackElo "2151"]
[PlyCount "51"]
[EventDate "2014.??.??"]
[WhiteTeam "SK Kriegshaber"]
[BlackTeam "FC Bayern München e.V."]

1. f4 d5 2. Nf3 Nf6 3. g3 g6 4. Bg2 Bg7 5. O-O O-O 6. d3 b6 7. e4 dxe4 8. dxe4
Bb7 9. e5 Nd5 10. a3 e6 11. c4 Ne7 12. Nc3 Nbc6 13. Be3 Na5 14. Qe2 Nf5 15.
Rad1 Qe7 16. Bf2 Rad8 17. g4 Nh6 18. b4 Nc6 19. Ne4 Rxd1 20. Rxd1 Rd8 21. Bh4
Rxd1+ 22. Qxd1 Qe8 23. Ne1 Kh8 24. Nc2 Ng8 25. Ne3 h6 26. Nf6 1/2-1/2

[Event "Bayerische EM 2014 Allg. Gruppe"]
[Site "Westerndorf St. Peter/Rosenheim"]
[Date "2014.08.29"]
[Round "9.8"]
[White "Grawe, Christian"]
[Black "Wilfert, André"]
[Result "1/2-1/2"]
[WhiteElo "2214"]
[BlackElo "2065"]
[PlyCount "92"]
[EventDate "2014.??.??"]
[WhiteTeam "Schachklub Germering e. V."]
[BlackTeam "1.FC Marktleuthen"]

1. e4 c5 2. Nf3 e6 3. c3 d5 4. e5 d4 5. Bd3 Nc6 6. Na3 Nge7 7. O-O Ng6 8. Re1
Be7 9. Nc4 O-O 10. Be4 Qc7 11. a4 b6 12. d3 Ba6 13. cxd4 cxd4 14. Bg5 Bxc4 15.
dxc4 Rac8 16. Bxe7 Qxe7 17. Bxc6 Rxc6 18. Qxd4 Qb4 19. Re4 Rfc8 20. Nd2 Rc5 21.
f4 Ne7 22. b3 Nc6 23. Qe3 Rd8 24. Nf3 h6 25. Rf1 Na5 26. Nd4 Rc7 27. f5 exf5
28. Rxf5 Nc6 29. e6 fxe6 30. Nxe6 Rd1+ 31. Kf2 Rcd7 32. Rf3 R1d2+ 33. Kg3 Qd6+
34. Qf4 Rd3 35. Rxd3 Qxd3+ 36. Re3 Qg6+ 37. Qg4 Qxg4+ 38. Kxg4 Re7 39. Re2 Na5
40. b4 Nxc4 41. Kf5 Rd7 42. Nf4 Kf7 43. g3 a5 44. bxa5 bxa5 45. h4 g6+ 46. Kg4
Rd4 1/2-1/2

[Event "Bayerische EM 2014 Allg. Gruppe"]
[Site "Westerndorf St. Peter/Rosenheim"]
[Date "2014.08.29"]
[Round "9.9"]
[White "Heimrath, Reiner"]
[Black "Shashkin, Igor"]
[Result "1/2-1/2"]
[WhiteElo "2192"]
[BlackElo "2115"]
[PlyCount "168"]
[EventDate "2014.??.??"]
[WhiteTeam "SC Noris-Tarrasch Nürnberg 1873"]
[BlackTeam "PTSV SK Hof 1892"]

1. e4 d6 2. Nf3 Nf6 3. Nc3 g6 4. d4 Bg7 5. Bg5 O-O 6. Qd2 c6 7. a4 a5 8. Be2
Na6 9. h3 Nb4 10. O-O Qc7 11. Rac1 e5 12. Bh6 Re8 13. Bxg7 Kxg7 14. Rfd1 Nh5
15. Bf1 Nf4 16. Ne2 Nxe2+ 17. Bxe2 f6 18. c3 Na6 19. b4 Be6 20. b5 Nb8 21. c4
c5 22. dxe5 dxe5 23. Qd6 Qxd6 24. Rxd6 Nd7 25. Rcd1 Rad8 26. Nd2 Kf7 27. Nb3 b6
28. Kf1 Ke7 29. Ke1 Rb8 30. Rc6 Rec8 31. Rdd6 Rxc6 32. Rxc6 Rb7 33. Rc8 Nf8 34.
Ra8 h5 35. Nd2 Bd7 36. Nf1 Ne6 37. Ne3 Nc7 38. Rh8 Be8 39. g4 hxg4 40. Bxg4 Bf7
41. h4 Ne8 42. h5 gxh5 43. Bxh5 Bxh5 44. Rxh5 Ke6 45. Rh8 Kf7 46. Nd5 Nd6 47.
Rh7+ Kg6 48. Rxb7 Nxb7 49. Nxb6 f5 50. f3 Kg5 51. Nd5 fxe4 52. fxe4 Kg4 53. Ke2
Nd6 54. b6 Nb7 55. Ne7 Kf4 56. Kd3 Kg5 57. Ke3 Kf6 58. Nd5+ Ke6 59. Kf3 Kd7 60.
Kg4 Nd6 61. b7 Nxb7 62. Kf5 Nd6+ 63. Kxe5 Nxc4+ 64. Kf6 Nd6 65. e5 Ne4+ 66. Kf7
Ng5+ 67. Kf6 Ne4+ 68. Kf5 Ng3+ 69. Kf4 Nh5+ 70. Kf5 Ng3+ 71. Kg4 Ne2 72. Kf3
Nd4+ 73. Ke4 Ne2 74. Kd3 Nd4 75. Nf4 Ne6 76. Ng6 Kc6 77. Kc4 Nc7 78. Ne7+ Kd7
79. Nd5 Ne6 80. Kb5 Nd4+ 81. Kxc5 Nf3 82. Nb6+ Ke6 83. Nc4 Nxe5 84. Nxa5 Nd3+
1/2-1/2

[Event "Bayerische EM 2014 Allg. Gruppe"]
[Site "Westerndorf St. Peter/Rosenheim"]
[Date "2014.08.29"]
[Round "9.10"]
[White "Schlichtmann, Robin"]
[Black "Zill, Christoph"]
[Result "1-0"]
[WhiteElo "2079"]
[BlackElo "2182"]
[PlyCount "31"]
[EventDate "2014.??.??"]
[WhiteTeam "SK Bruckmühl e.V."]
[BlackTeam "SK Freising"]

1. e4 e6 2. d4 d5 3. Nc3 Bb4 4. exd5 exd5 5. Bd3 Nc6 6. a3 Bxc3+ 7. bxc3 Nge7
8. Qf3 Be6 9. Rb1 Na5 10. Ne2 c6 11. Nf4 Bf5 12. Nh5 Bxd3 13. Nxg7+ Kd7 14.
cxd3 Qg8 15. Qf6 Rd8 16. Bf4 1-0

[Event "Bayerische EM 2014 Allg. Gruppe"]
[Site "Westerndorf St. Peter/Rosenheim"]
[Date "2014.08.29"]
[Round "9.11"]
[White "Stadler, Alexander"]
[Black "Wagner, Florian"]
[Result "1-0"]
[WhiteElo "2109"]
[BlackElo "2215"]
[PlyCount "45"]
[EventDate "2014.??.??"]
[WhiteTeam "SV Röhrnbach e.V."]
[BlackTeam "SC Noris-Tarrasch Nürnberg 1873"]

1. e4 Nf6 2. e5 Nd5 3. Nf3 d6 4. d4 Bg4 5. exd6 Qxd6 6. c4 Nf6 7. Nc3 e6 8. Nb5
Qd8 9. Bf4 Bb4+ 10. Ke2 Bd6 11. Nxd6+ cxd6 12. h3 Bxf3+ 13. Kxf3 O-O 14. g4 Qe8
15. Kg2 e5 16. Be3 exd4 17. Bxd4 Qe4+ 18. f3 Qf4 19. Bf2 Ne8 20. Qb3 b6 21. Qe3
Qf6 22. Bd3 Nc6 23. Qe4 1-0

[Event "Bayerische EM 2014 Allg. Gruppe"]
[Site "Westerndorf St. Peter/Rosenheim"]
[Date "2014.08.29"]
[Round "9.12"]
[White "Graf, Christian"]
[Black "Basener, Winfried"]
[Result "1/2-1/2"]
[WhiteElo "2158"]
[BlackElo "2146"]
[PlyCount "97"]
[EventDate "2014.??.??"]
[WhiteTeam "SU Ebersberg-Grafing"]
[BlackTeam "SC Neuhausen 1908"]

1. e4 e5 2. Nf3 Nc6 3. Bb5 a6 4. Ba4 Nf6 5. O-O Nxe4 6. d4 b5 7. Bb3 d5 8. Nxe5
Nxe5 9. dxe5 Be6 10. c3 Be7 11. Be3 O-O 12. Nd2 Nc5 13. f4 Qd7 14. Bc2 Bf5 15.
b4 Na4 16. Bxa4 bxa4 17. Nf3 Bg4 18. h3 Bxf3 19. Qxf3 f6 20. Bd4 a5 21. exf6
Bxf6 22. Rad1 axb4 23. cxb4 c6 24. Kh1 Qb7 25. a3 Bxd4 26. Rxd4 Qb6 27. Qc3
Rae8 28. f5 Re2 29. Rg4 Rf7 30. Re1 Rxe1+ 31. Qxe1 Qd8 32. Qc3 Qf6 33. Rg3 Qd6
34. Rg4 h5 35. Rg6 Rf6 36. Rxf6 Qxf6 37. Qc2 Qa1+ 38. Kh2 Qxa3 39. Qxc6 Qxb4
40. Qxd5+ Kh7 41. Qc6 Qf4+ 42. Kh1 Qf1+ 43. Kh2 Qf4+ 44. Kh1 a3 45. Qg6+ Kg8
46. Qe8+ Kh7 47. Qg6+ Kh8 48. Qe8+ Kh7 49. Qg6+ 1/2-1/2

[Event "Bayerische EM 2014 Allg. Gruppe"]
[Site "Westerndorf St. Peter/Rosenheim"]
[Date "2014.08.29"]
[Round "9.13"]
[White "Michalek, Michal"]
[Black "Woitylak, Steffen"]
[Result "1/2-1/2"]
[WhiteElo "2153"]
[BlackElo "1921"]
[PlyCount "95"]
[EventDate "2014.??.??"]
[WhiteTeam "SV Seubelsdorf"]
[BlackTeam "TV 1862 Geiselhöring"]

1. d4 f5 2. g3 Nf6 3. Bg2 e6 4. c4 d5 5. Nf3 c6 6. O-O Be7 7. Nc3 O-O 8. Bf4
dxc4 9. Ne5 Nd5 10. Nxc4 Nxf4 11. gxf4 Nd7 12. Ne5 Nf6 13. e3 Qb6 14. Qc2 Nd5
15. Rfc1 Bf6 16. Nd3 Nb4 17. Nxb4 Qxb4 18. Na4 Qd6 19. Rab1 Bd8 20. b4 a6 21.
Qc5 Be7 22. Qxd6 Bxd6 23. Nc5 h6 24. a4 Rb8 25. b5 cxb5 26. axb5 g5 27. fxg5
hxg5 28. h3 Re8 29. Bf1 axb5 30. Bxb5 Re7 31. Nd3 Bd7 32. Ne5 Bxe5 33. dxe5
Bxb5 34. Rxb5 Kf7 35. Rcb1 Rd7 36. Kg2 Rc7 37. R1b4 Rd7 38. Kg3 Rc7 39. e4 Kg6
40. Rb6 Re7 41. f4 fxe4 42. fxg5 Kxg5 43. Rxe4 Kf5 44. Re3 Rg8+ 45. Kf3 Rh7 46.
Ke2 Rg2+ 47. Kd3 Rh2 48. Rf3+ 1/2-1/2

[Event "Bayerische EM 2014 Allg. Gruppe"]
[Site "Westerndorf St. Peter/Rosenheim"]
[Date "2014.08.29"]
[Round "9.14"]
[White "Lochte, Thomas"]
[Black "Blodig, Constantin"]
[Result "1/2-1/2"]
[WhiteElo "2108"]
[BlackElo "1939"]
[PlyCount "53"]
[EventDate "2014.??.??"]
[WhiteTeam "SK Weilheim"]
[BlackTeam "SK Kelheim 1920"]

1. e4 e5 2. d4 exd4 3. c3 dxc3 4. Bc4 d6 5. Nxc3 Nf6 6. e5 Qe7 7. Nf3 dxe5 8.
O-O Nc6 9. Re1 Bg4 10. Qb3 O-O-O 11. Nxe5 Nxe5 12. Bf4 Nfd7 13. Rac1 Qb4 14.
Bxe5 Qxb3 15. Bxb3 Nxe5 16. Rxe5 f6 17. Re4 Bf5 18. Rf4 g6 19. Nb5 Bh6 20.
Rxc7+ Kb8 21. Rh4 Bg5 22. Rhxh7 Rxh7 23. Rxh7 Bc1 24. h3 Bxb2 25. Nc7 g5 26.
Rf7 Be5 27. g4 1/2-1/2

[Event "Bayerische EM 2014 Allg. Gruppe"]
[Site "Westerndorf St. Peter/Rosenheim"]
[Date "2014.08.29"]
[Round "9.15"]
[White "Probst, Albert"]
[Black "Höller, Armin"]
[Result "1-0"]
[WhiteElo "2102"]
[BlackElo "2035"]
[PlyCount "53"]
[EventDate "2014.??.??"]
[WhiteTeam "SK Bruckmühl e.V."]
[BlackTeam "SK Weilheim"]

1. f4 d5 2. Nf3 Nf6 3. b3 c5 4. e3 Nc6 5. Bb5 a6 6. Bxc6+ bxc6 7. Bb2 h5 8. d3
h4 9. Qe2 h3 10. g3 g6 11. Nbd2 Bg7 12. e4 a5 13. O-O Bg4 14. a4 O-O 15. Rae1
e6 16. Be5 Ne8 17. Qf2 f6 18. Bb2 d4 19. Ba3 Qb6 20. Nc4 Qa7 21. Nh4 Kh7 22.
Qd2 Rf7 23. f5 gxf5 24. exf5 e5 25. Bc1 Qc7 26. Re4 Bh5 27. g4 1-0